Classement Ligue 2 (football) 2022-2023 - Statistiques

Statistiques générales
  • Ce quiz a été pris 196 fois
  • Le résultat moyen est 15 sur 20
Statistiques - réponses
Classement Point Club % Correct
8 53 Saint-Etienne
94%
3 69 Bordeaux
93%
1 75 Le Havre
92%
2 72 Metz
90%
18 42 Dijon
78%
17 43 Rodez Aveyron
78%
5 59 Caen
76%
7 55 Paris FC
75%
16 45 Annecy
74%
9 52 Sochaux
73%
4 60 Bastia
72%
19 36 Nîmes
70%
12 47 Amiens
69%
14 46 Stade Lavallois Mayenne FC
69%
15 45 Valenciennes
68%
6 55 Guingamp
66%
20 29 Niort
61%
10 51 Grenoble Foot
60%
11 50 Quevilly Rouen Métropole
57%
13 47 Pau FC
43%
Aucun quiz correspondant
Distribution des résultats
% des personnes avec chaque résultat
Percentile par nombre de réponses
Votre historique - résultats
Vous n’avez pas pris ce quiz